| 000 | 00562nam a2200193Ia 4500 | ||
|---|---|---|---|
| 001 | 6521 | ||
| 008 | 260427s9999 xx 000 0 und d | ||
| 020 | _a9781581780352 | ||
| 245 | 0 |
_aHe mau nane Hawai'i : Hawaiian Riddles/ _cKimo Armitage |
|
| 260 |
_aHonolulu; _bKamahoi Press; _c2004 |
||
| 300 |
_a92p; _c24x21cm |
||
| 546 | _aHawaiian; English | ||
| 650 |
_aFolk literature _99347 |
||
| 650 |
_aIndigenous societies _99260 |
||
| 650 |
_aPN1-6790 Literature (General) _921 |
||
| 651 |
_aHawaii _92928 |
||
| 655 |
_aIllustrated volume _99348 |
||
| 942 | _cBK | ||
| 999 |
_c6521 _d6521 |
||